| 000 | 00389nam a2200157Ia 4500 | ||
|---|---|---|---|
| 008 | 230312s9999||||xx |||||||||||||| ||und|| | ||
| 020 | _a81-7992-100-X | ||
| 082 |
_a658.3112 _bFIT |
||
| 100 | _aFitzwater Terry L | ||
| 245 | 0 | _aEmployee Relations | |
| 260 |
_bJaico _aIndia _c2003 |
||
| 300 | _a68 | ||
| 546 | _aEng. | ||
| 650 |
_aManagement _vthe manager communications survey |
||
| 942 | _cBK | ||
| 999 |
_c648 _d648 |
||